000 00698nam a2200289Ia 4500
005 20260324122811.0
008 008 260324s9999 xx 000 0 eng d
020 _a9781315422459
037 _aEBOOK
040 _aCRL
040 _beng
040 _cCRL
041 _2eng
041 _aeng
084 _qCRL
100 _aMary M Gergen; Kenneth J Gergen
_91167862
245 0 _aPlaying with Purpose
245 0 _bAdventures in Performative Social Science
260 _bTaylor and Francis
260 _c2012
365 _a
365 _b240
856 _uhttp://www.taylorfrancis.com/books/9781315422459
942 _cEBOOK
999 _c1760870
_d1760870